000 00348nam a2200145Ia 4500
008 150201s2007 xx 000 0 und d
082 _a612.015
_bB2007H
100 _aHAMES ,DAVID
245 _aBIOCHEMISTRY
250 _a3RD
260 _bGARLAND SCIENCE PUBLICATION
_aDELHI
_c2007
300 _a1-438
650 _aBIOCHEMISTRY
942 _2ddc
_cBK
999 _c3698
_d3698